000 00310nam a2200133Ia 4500
008 220216s9999 xx 000 0 und d
100 _aCassie A B D
245 0 _aFatigue in rubber.Pt.1
260 _bIRI Transactions
_c1936
300 _a49-80
700 _aJones M
700 _aNaunton W J S
942 _cJS
999 _c59312
_d59312